| 000 | 01091nam a22002537a 4500 | ||
|---|---|---|---|
| 005 | 20170124103105.0 | ||
| 010 | _aB-104428 | ||
| 020 |
_c75.00 _a8186265945 |
||
| 035 | _aB-104428 | ||
| 037 | _bCen Lib/Ret | ||
| 040 |
_aDPL _bHN |
||
| 082 |
_a822 _bदुग्गल |
||
| 100 |
_aदुग्गल, कर्तार सिंह _978190 |
||
| 245 |
_aशेरे पंजाब : _cकर्तार सिंह दुग्गल _bमहाराजा रणजीतसिंह / |
||
| 246 |
_aShere Punjab : Maharaja Ranjeet Singh / _bby Kartar Singh Duggal |
||
| 260 |
_aदिल्ली _bमनु प्रकाशन _c2003 |
||
| 270 |
_a1/6678, गली-3, पूर्वी रोहितास नगर _bदिल्ली _e110032 |
||
| 300 |
_a64पृ. _c21सेमी (अजिल्द) |
||
| 650 |
_aसाहित्य--नाटक _9147 |
||
| 650 |
_aपंजाबी नाटक _91413 |
||
| 650 |
_aLiterature--Play _978191 |
||
| 650 |
_aPunjabi paly _978192 |
||
| 942 |
_2ddc _cHN _h822 _mदुग्गल |
||
| 999 |
_c118066 _d118066 |
||